000 00764nam a2200253Ia 4500
003 OSt
005 20220925203648.0
006 a|||||r|||| 00| 0
007 ta
008 220923b |||||||| |||| 00| 0 eng d
037 _cGeneral Book
040 _aRTL
_cRTL
_beng
041 _2eng
_aeng
082 _aX:97, J1;K1
100 _aDubin Robert
245 0 _aHuman relatons in adminstration with readings and
250 _a2ed
260 _aEnglewood
_bCliffs N J Prentice Hall
_c1961
300 _axix, 635p.
_ccm.
490 _aPrentice hall industrial redations and personnel series. Prentice hall sociology series
650 _aIndustrial Relation
942 _hX:97, J1;K1
_cGB
_2CC
999 _c547318
_d547318